| 000 | 00826nas a2200265 4500 | ||
|---|---|---|---|
| 001 | BR8600264 | ||
| 003 | BR-BrBNA | ||
| 005 | 20231205090315.0 | ||
| 007 | ta | ||
| 008 | 230509b bl.|||p| |||| 00| 00por d | ||
| 040 |
_aBR-BrBNA _bpor _cBiblioteca Nacional de Agricultura |
||
| 041 | _a(Pt) | ||
| 072 | _aF30 | ||
| 100 | 1 | _aCheng, S.S. | |
| 100 | 1 | _aPedrosa, J.F. | |
| 100 | 1 | _aChu, E.Y. | |
| 245 | 1 | _aAvaliacao de hibridos F1 de Cucurbita maxima ESAL 7511 x Cucurbita spp. | |
| 246 | 1 | _aEvaluation of F1 hybrids of Cucurbita maxima cv. ESAL 7511 x Cucurbita spp. | |
| 650 | _aABOBORA MENINA | ||
| 650 | _aABOBORA | ||
| 650 | _aHIBRIDO | ||
| 773 | 0 |
_tHorticultura Brasileira (Brazil) _xISSN 0102-0536 _g(May 1985), v. 3(1) p. 35-36 _wBR8600264 |
|
| 909 |
_a202311 _bLúcia _c55 _dLúcia Elande |
||
| 942 |
_2AGRIS _n0 _cANA |
||
| 999 |
_c117518 _d117518 |
||